<?xml version="1.0" encoding="UTF-8"?>
<record
    xmlns:xsi="http://www.w3.org/2001/XMLSchema-instance"
    xsi:schemaLocation="http://www.loc.gov/MARC21/slim http://www.loc.gov/standards/marcxml/schema/MARC21slim.xsd"
    xmlns="http://www.loc.gov/MARC21/slim">

  <leader>03047nam a2200385 a 4500</leader>
  <controlfield tag="001">000q0385</controlfield>
  <controlfield tag="003">WSP</controlfield>
  <controlfield tag="005">20260416153407.0</controlfield>
  <controlfield tag="007">cr |nu|||unuuu</controlfield>
  <controlfield tag="008">220708s2023    enk     ob    001 0 eng d</controlfield>
  <datafield tag="010" ind1=" " ind2=" ">
    <subfield code="a">2022025783</subfield>
  </datafield>
  <datafield tag="020" ind1=" " ind2=" ">
    <subfield code="a">9781800613058</subfield>
    <subfield code="q">(ebook)</subfield>
  </datafield>
  <datafield tag="020" ind1=" " ind2=" ">
    <subfield code="a">1800613059</subfield>
    <subfield code="q">(ebook)</subfield>
  </datafield>
  <datafield tag="020" ind1=" " ind2=" ">
    <subfield code="z">9781800613041</subfield>
    <subfield code="q">(hbk.)</subfield>
  </datafield>
  <datafield tag="040" ind1=" " ind2=" ">
    <subfield code="a">WSPC</subfield>
    <subfield code="b">eng</subfield>
    <subfield code="c">WSPC</subfield>
  </datafield>
  <datafield tag="050" ind1=" " ind2="4">
    <subfield code="a">QA401</subfield>
  </datafield>
  <datafield tag="072" ind1=" " ind2="7">
    <subfield code="a">MAT</subfield>
    <subfield code="x">003000</subfield>
    <subfield code="2">bisacsh</subfield>
  </datafield>
  <datafield tag="072" ind1=" " ind2="7">
    <subfield code="a">MAT</subfield>
    <subfield code="x">025000</subfield>
    <subfield code="2">bisacsh</subfield>
  </datafield>
  <datafield tag="072" ind1=" " ind2="7">
    <subfield code="a">MAT</subfield>
    <subfield code="x">000000</subfield>
    <subfield code="2">bisacsh</subfield>
  </datafield>
  <datafield tag="082" ind1="0" ind2="4">
    <subfield code="a">511/.8</subfield>
    <subfield code="2">23</subfield>
  </datafield>
  <datafield tag="049" ind1=" " ind2=" ">
    <subfield code="a">MAIN</subfield>
  </datafield>
  <datafield tag="100" ind1="1" ind2=" ">
    <subfield code="a">Budd, C. J.</subfield>
    <subfield code="q">(Christopher J.)</subfield>
  </datafield>
  <datafield tag="245" ind1="1" ind2="0">
    <subfield code="a">Climate, chaos and COVID</subfield>
    <subfield code="h">[electronic reosurce] :</subfield>
    <subfield code="b">how mathematical models describe the universe /</subfield>
    <subfield code="c">Chris Budd.</subfield>
  </datafield>
  <datafield tag="260" ind1=" " ind2=" ">
    <subfield code="a">London :</subfield>
    <subfield code="b">World Scientific,</subfield>
    <subfield code="c">c2023.</subfield>
  </datafield>
  <datafield tag="300" ind1=" " ind2=" ">
    <subfield code="a">1 online resource (xvi, 295 p.)</subfield>
  </datafield>
  <datafield tag="504" ind1=" " ind2=" ">
    <subfield code="a">Includes bibliographical references and index.</subfield>
  </datafield>
  <datafield tag="505" ind1="0" ind2=" ">
    <subfield code="a">How mathematics models real life -- Why did the mathematician cross the road? -- Maths saves the whales! -- How mathematics helped in the fight against COVID-19 -- Can mathematics predict the future? -- The mathematics of climate change -- Energetic mathematics -- Mathematical food for thought -- Material mathematics -- Mathematics goes into space.</subfield>
  </datafield>
  <datafield tag="520" ind1=" " ind2=" ">
    <subfield code="a">"Mathematical models are very much in the news now, as they are used to make decisions about our response to such vital areas as COVID-19 and climate change. Frequently, they are blamed for a series of dubious decisions, creating much concern amongst the general public. However, without mathematical models, we would have none of the modern technology that we take for granted, nor would we have modern health care, be able to forecast the climate, cook a potato, have electricity to power our home, or go into space. By explaining technical mathematical concepts in a way that everyone can understand and appreciate, Climate, Chaos and COVID: How Mathematical Models Describe the Universe sets the record straight and lifts the lid off the mystery of mathematical models. It shows why they work, how good they can be, the advantages and disadvantages of using them and how they make the modern world possible. The readers will be able to see the impact that the use of these models has on their lives, and will be able to appreciate both their power and their limitations. The book includes a very large number of both short and long case studies, many of which are taken directly from the author's own experiences of working as a mathematical modeller in academia, in industry, and between the two. These include COVID-19 and climate and how maths saves the whales, powers our home, gives us the material we need to live, and takes us into space"--</subfield>
    <subfield code="c">Publisher's website.</subfield>
  </datafield>
  <datafield tag="538" ind1=" " ind2=" ">
    <subfield code="a">Mode of access: World Wide Web.</subfield>
  </datafield>
  <datafield tag="538" ind1=" " ind2=" ">
    <subfield code="a">System requirements: Adobe Acrobat Reader.</subfield>
  </datafield>
  <datafield tag="650" ind1=" " ind2="0">
    <subfield code="a">Mathematical models</subfield>
    <subfield code="x">Social aspects.</subfield>
  </datafield>
  <datafield tag="655" ind1=" " ind2="0">
    <subfield code="a">Electronic books.</subfield>
  </datafield>
  <datafield tag="856" ind1="4" ind2="0">
    <subfield code="u">https://www.worldscientific.com/worldscibooks/10.1142/q0385#t=toc</subfield>
  </datafield>
  <datafield tag="942" ind1=" " ind2=" ">
    <subfield code="c">E-BOOK</subfield>
  </datafield>
  <datafield tag="999" ind1=" " ind2=" ">
    <subfield code="c">49725</subfield>
    <subfield code="d">49725</subfield>
  </datafield>
  <datafield tag="952" ind1=" " ind2=" ">
    <subfield code="0">0</subfield>
    <subfield code="1">0</subfield>
    <subfield code="2">ddc</subfield>
    <subfield code="4">0</subfield>
    <subfield code="7">0</subfield>
    <subfield code="a">CUTN</subfield>
    <subfield code="b">CUTN</subfield>
    <subfield code="d">2026-04-16</subfield>
    <subfield code="l">0</subfield>
    <subfield code="o">511/.8</subfield>
    <subfield code="p">EB04939</subfield>
    <subfield code="r">2026-04-16 15:41:00</subfield>
    <subfield code="u">https://doi.org/10.1142/q0385</subfield>
    <subfield code="w">2026-04-16</subfield>
    <subfield code="y">E-BOOK</subfield>
  </datafield>
</record>
